000 00495pam a2200169 a 4500
020 _a978-81-224-1868-2
_cP.B.
041 _aeng
082 _a621.388
_bGUL
100 _aGULATI R. R.
245 _aMODERN TELEVISION PRACTICE PRINCIPLES, TECHNOLOGY AND SERVICING 3RD ED
_hTextual Documents
250 _a01-01-2008
260 _bNEW AGE INTERNTIONAL (P) LTD., NEW DELHI
300 _aXVI692
_c24*18
500 _a12950
653 _aAUDIO VIDEO ENGINEERING (B.E.ELECTIVE-II)
930 _a12479
999 _c55702
_d55702